| 000 | 01265nam a2200313 i 4500 | ||
|---|---|---|---|
| 001 | 000045543 | ||
| 003 | DO-SdBNP | ||
| 005 | 20260517215141.0 | ||
| 007 | ta | ||
| 008 | 150414s2009 dr a 000 0 spa d | ||
| 020 | _a9789945855364 | ||
| 040 |
_aDO-SdBNP _bspa _cBNPHU _erda |
||
| 041 | _aspa | ||
| 082 | 4 |
_a371.94 _bR577a _223 |
|
| 100 | 1 |
_aRímoli, Roberto _eautor _4aut. _926602 |
|
| 245 | 1 | 0 |
_aAddendum sobre trastornos por déficit de atención e hiperactividad y motivación-aprendizaje en niños : _b(aproximación a una nueva metodología de análisis) / _cRoberto Rímoli ; presentación, William AStwood |
| 264 | 4 |
_aSanto Domingo, República Dominicana : _bEditora Vetas, _c©2009 |
|
| 300 |
_a87 páginas : _bilustraciones ; _c22 cm |
||
| 336 |
_atexto _btxt _2rdacontent |
||
| 337 |
_asin mediación _bn _2rdamedia |
||
| 338 |
_avolumen _bnc _2rdacarrier |
||
| 500 | _aIncluye datos biográficos del autor en la solapa de la contracubierta | ||
| 504 | _aBibliografía: páginas 73-78 | ||
| 590 | _aInventariado, 2022/BT | ||
| 650 | 7 |
_2lemb _aNiños austistas _xEducación _989632 |
|
| 650 | 7 |
_2lemb _aNiños hiperactivos _xEducación _989633 |
|
| 650 | 7 |
_2aramrc _aTrastorno por déficit de atención con hiperactividad _989634 |
|
| 942 |
_2ddc _cLBS1 |
||
| 999 |
_c45032 _d45032 |
||